Zahrajte sa s LEGOm ZADARMO

Bibliographic Details
Main Author: Reiter, Michal (Author)
Format: Article
Language:Slovak
PhysicalDescription:Obr.
ISSN:1335-0226
Subjects:

MARC

LEADER 00000nab a2200000 a 4500
001 vtls008989070
003 SK-MaSNL
005 20260304134930.0
008 250505c2007 xo |||||||||||000 b|slo
015 |a SNBRB2007/05  |2 snkbucl 
035 |a (uuid)4df56fbe-bc60-4b27-9813-f60cae2b1e1f 
035 |a urn:nbn:sk:snk-ab105f 
035 |a (urnnbn)urn:nbn:sk:snk:ar-a05eo0 
038 |a SNKBUCL 
040 |a SNKBUCL  |b slo  |c SNKBUCL  |e AACR2 
041 0 |a slo 
044 |a xo  |c SK 
080 |a 004.9:794.5  |2 2001 
080 |a 794.5  |2 2001 
100 1 |a Reiter, Michal  |4 aut  |9 758687 
245 1 0 |a Zahrajte sa s LEGOm ZADARMO  |c Michal Reiter 
300 |b Obr. 
650 0 7 |a počítačové hry  |2 snkbucl  |9 1855 
650 0 7 |a LEGO  |2 snkbucl  |9 536354 
650 0 7 |a virtuálne stavebnice  |2 snkbucl  |9 1453507 
650 0 7 |a hrací softvér  |2 snkbucl  |9 1453506 
773 0 |t PC revue  |g Roč. XV, č. 1 (2007), s. 112-113  |x 1335-0226 
850 |a Slovenská národná knižnica 
852 |a Slovenská národná knižnica 
954 |a odborná, vedecká literatúra pôvodná (slovenská)  |2 lita 
958 |a article27 
958 |a OND 
958 |a EUIPO 
999 |c 2908758  |d 2910688